000 00673nam a22002297a 4500
999 _c5305
_d5305
003 AR-CdUCM
008 190312b ||||| |||| 00| 0 spa d
040 _aMUNICIPALIDAD PROVINCIAL DEL CUSCO
_cBIBLIOTECA MUNICIPAL DEL CUSCO
082 _a869.57 /
_bS57
100 _aSierra, Florencio de la
_916040
245 _aCapullos de Rocio /
260 _aLima :
_bEds. Folklore,
_c1959.
300 _a70 paginas ;
_c18 cm.
440 _aColección Tierra
_916041
500 _aDonación familia Nieto
505 _aContenido :Poesias /
650 _aLiteratura peruana
_9169
650 _aPoesías
_92272
650 _aSiglo XX
_98
942 _2ddc
_cLIBROS
945 _arjall